Qiṣṣat Fayrūz Shāh ibn al-Malik Ḍārāb /
Main Author:
Format: Book
Language: Arabic
Published:
Bayrut :
[al-Maktabah al-Thaqāfīyah],
1885.
Subjects:
Tags: Add Tag
Call Number: ( RA )PK6451 .B53 D306 v.3-4
| LEADER | 00905namaa2200229 4500 | ||
|---|---|---|---|
| 001 | 18588 | ||
| 003 | OSt | ||
| 005 | 20240613071408.0 | ||
| 008 | 130303s1885 le 000 1 ara d | ||
| 952 | |0 0 |1 0 |2 lcc |3 V.3-4 |4 0 |7 1 |9 10512 |a ARCE |b ARCE |d 2021-02-20 |l 0 |o ( RA )PK6451 .B53 D306 v.3-4 |p 1029092 |r 2021-02-20 00:00:00 |w 2021-02-20 |y BK | ||
| 999 | |c 19036 |d 19036 | ||
| 040 | |c ARCE Library | ||
| 050 | 4 | |a ( RA )PK6451 .B53 D306 v.3-4 | |
| 100 | 1 | |6 880-01 |a Qalfāṭ, Nakhlah, |d 1851-1905, |e author |9 37965 | |
| 245 | 1 | 0 | |6 880-02 |a Qiṣṣat Fayrūz Shāh ibn al-Malik Ḍārāb / |c Nakhlah Qalfāṭ |
| 264 | 1 | |a Bayrut : |b [al-Maktabah al-Thaqāfīyah], |c 1885. | |
| 300 | |a volumes ; |c 25 cm. | ||
| 650 | 0 | |a Arabic fiction. | |
| 880 | 1 | |6 100-01/(3/r |a قلفاط، نخلة. |d 1851-1905. | |
| 880 | 1 | 0 | |6 245-02/(3/r |a قصة فيروز شاه ابن الملك ضاراب |c نخلة قلفاط |
| 901 | |a reviewed | ||
| 942 | |c BK |2 lcc | ||
